Khâm định Việt sử thông giám cương mục
Na minha lista:
| Formato: | Livro |
|---|---|
| Idioma: | Undetermined |
| Publicado em: |
Hà Nội
Giáo Dục
1998
|
| Assuntos: | |
| Tags: |
Adicionar Tag
Sem tags, seja o primeiro a adicionar uma tag!
|
| Thư viện lưu trữ: | Trung tâm Học liệu Trường Đại học Cần Thơ |
|---|
| LEADER | 00655nam a2200217Ia 4500 | ||
|---|---|---|---|
| 001 | CTU_31127 | ||
| 008 | 210402s9999 xx 000 0 und d | ||
| 020 | |b 110.800đ | ||
| 020 | |c 110000 | ||
| 082 | |a 959.7 | ||
| 082 | |b Kh120/T.2 | ||
| 245 | 0 | |a Khâm định Việt sử thông giám cương mục | |
| 245 | 0 | |c Phạm Trọng Điềm, Trần Văn Giáp, Hoa Bằng biên dịch; Viện sử học | |
| 260 | |a Hà Nội | ||
| 260 | |b Giáo Dục | ||
| 260 | |c 1998 | ||
| 650 | |a Vietnam | ||
| 650 | |x history | ||
| 904 | |i Minh | ||
| 910 | |a Nguyên sửa | ||
| 980 | |a Trung tâm Học liệu Trường Đại học Cần Thơ | ||